[Event "Joinville op U220"]
[Site "Joinville"]
[Date "2017.02.19"]
[Round "7"]
[White "Hille, Willian Henrique"]
[Black "Melo, Maicon Joao"]
[Result "1-0"]
[WhiteElo "1925"]
[BlackElo "2025"]
[PlyCount "78"]
[EventDate "2017.02.17"]
[EventType "swiss"]
[EventRounds "7"]
[EventCountry "BRA"]
[SourceTitle "CBM 177 Extra"]
[Source "ChessBase"]
[SourceDate "2017.04.27"]
[SourceVersion "1"]
[SourceVersionDate "2017.04.27"]
[SourceQuality "1"]

1. d4 d5 2. c4 e6 3. Nc3 Nf6 4. cxd5 exd5 5. Bg5 c6 6. e3 Be7 7. Bd3 0-0 8. Nge2 Re8 9. 0-0 Nbd7 10. f3 Nf8 11. Bh4 Be6 12. Bf2 Ng6 13. Qd2 Rc8 14. Ng3 Bd6 15. Nf5 Bb8 16. Bg3 Bxg3 17. Nxg3 Rc7 18. Rac1 Rce7 19. Rfe1 Bc8 20. Bb1 Qd6 21. a3 Kh8 22. Bf5 Qd8 23. Qd3 Nf4 24. Qd2 Ne6 25. b4 g6 26. Bh3 Ng7 27. Bxc8 Qxc8 28. e4 dxe4 29. fxe4 Qd7 30. Rcd1 Nfh5 31. Qf2 Nxg3 32. Qxg3 Kg8 33. e5 Nf5 34. Qf4 f6 35. Ne4 fxe5 36. Nf6+ Kf7 37. dxe5 Qe6 38. Nxe8 Kxe8 39. g4 Nh4 1-0

[Event "Joinville op U220"]
[Site "Joinville"]
[Date "2017.02.19"]
[Round "6"]
[White "Melo, Maicon Joao"]
[Black "Correa, Jose Augusto"]
[Result "1/2-1/2"]
[WhiteElo "2025"]
[BlackElo "1934"]
[PlyCount "28"]
[EventDate "2017.02.17"]
[EventType "swiss"]
[EventRounds "7"]
[EventCountry "BRA"]
[SourceTitle "CBM 177 Extra"]
[Source "ChessBase"]
[SourceDate "2017.04.27"]
[SourceVersion "1"]
[SourceVersionDate "2017.04.27"]
[SourceQuality "1"]

1. e4 c5 2. Nf3 g6 3. c4 Nc6 4. d4 cxd4 5. Nxd4 Nf6 6. Nc3 d6 7. Be2 Nxd4 8. Qxd4 Bg7 9. Be3 0-0 10. Qd1 Be6 11. 0-0 Qa5 12. Rc1 Rfc8 13. b3 a6 14. Bf3 Rab8 1/2-1/2

[Event "Joinville op U220"]
[Site "Joinville"]
[Date "2017.02.18"]
[Round "5"]
[White "Filgueiras, Nathan Felipe"]
[Black "Melo, Maicon Joao"]
[Result "1/2-1/2"]
[WhiteElo "1938"]
[BlackElo "2025"]
[PlyCount "46"]
[EventDate "2017.02.17"]
[EventType "swiss"]
[EventRounds "7"]
[EventCountry "BRA"]
[SourceTitle "CBM 177 Extra"]
[Source "ChessBase"]
[SourceDate "2017.04.27"]
[SourceVersion "1"]
[SourceVersionDate "2017.04.27"]
[SourceQuality "1"]

1. e4 c5 2. Nf3 Nc6 3. d4 cxd4 4. Nxd4 Nf6 5. Nc3 e5 6. Ndb5 h6 7. Nd5 Nxd5 8. exd5 a6 9. dxc6 axb5 10. cxd7+ Bxd7 11. Be3 Bc6 12. Qxd8+ Rxd8 13. f3 Bb4+ 14. Kf2 0-0 15. Be2 Ba5 16. Rhd1 Ra8 17. Bd3 f5 18. Bc5 Rf6 19. a4 bxa4 20. Be7 Bb6+ 21. Kf1 Rf7 22. Bc4 Bb5 23. Bxb5 Rxe7 1/2-1/2

[Event "Blumenau Ann 100 op"]
[Site "Blumenau"]
[Date "2016.09.24"]
[Round "3"]
[White "Melo, Maicon Joao"]
[Black "Matsuura, Frederico"]
[Result "0-1"]
[WhiteElo "2055"]
[BlackElo "2320"]
[PlyCount "42"]
[EventDate "2016.09.23"]
[EventType "swiss"]
[EventRounds "6"]
[EventCountry "BRA"]
[SourceTitle "CBM 174 Extra"]
[Source "ChessBase"]
[SourceDate "2016.10.10"]
[SourceVersion "1"]
[SourceVersionDate "2016.10.10"]
[SourceQuality "1"]

1. e4 c5 2. Nf3 e6 3. d4 cxd4 4. Nxd4 Nf6 5. Nc3 Bb4 6. e5 Nd5 7. Bd2 Nxc3 8. bxc3 Be7 9. Qg4 0-0 10. Bd3 d6 11. Bh6 g6 12. Bxf8 Bxf8 13. Qg3 Qa5 14. 0-0 dxe5 15. Nb3 Qxc3 16. f4 Nc6 17. fxe5 Qxe5 18. Qf3 Qc7 19. Rae1 b6 20. Nd4 Nxd4 21. Qxa8 Bb7 0-1

[Event "Catarinense-ch"]
[Site "Fraiburgo"]
[Date "2016.04.15"]
[Round "2"]
[White "Reichert, Thiago da Cruz"]
[Black "Melo, Maicon Joao"]
[Result "1/2-1/2"]
[WhiteElo "1966"]
[BlackElo "2055"]
[PlyCount "91"]
[EventDate "2016.04.14"]
[EventType "swiss"]
[EventRounds "7"]
[EventCountry "BRA"]
[SourceTitle "CBM 171 Extra"]
[Source "ChessBase"]
[SourceDate "2016.04.26"]
[SourceVersion "1"]
[SourceVersionDate "2016.04.26"]
[SourceQuality "1"]

1. d4 d5 2. c4 e6 3. Nf3 Nf6 4. Nc3 Be7 5. e3 0-0 6. Bd3 Nbd7 7. cxd5 exd5 8. 0-0 Re8 9. Rb1 a5 10. a3 c5 11. h3 c4 12. Bc2 Rb8 13. a4 Bb4 14. Nd2 Qb6 15. Qf3 Qc6 16. Re1 Ne4 17. Ndxe4 dxe4 18. Qe2 Nf6 19. Bd2 b6 20. Rec1 Ba6 21. Qd1 Bd6 22. Ne2 Bc7 23. Bc3 Qd6 24. g3 Bc8 25. Qf1 Bf5 26. Qg2 Qd7 27. g4 Nxg4 28. hxg4 Bxg4 29. d5 f5 30. Nf4 Bxf4 31. exf4 Qxd5 32. Bd1 Re6 33. Bxg4 Rg6 34. Rd1 Qc6 35. Kf1 Rxg4 36. Qh2 Qxa4 37. Rd5 Qc2 38. Rbd1 h6 39. R5d2 Qa4 40. Qh5 Rf8 41. Rd8 Kh7 42. R1d6 Qa1+ 43. Rd1 Qa4 44. R1d6 Qa1+ 45. Rd1 Qa4 46. R1d6 1/2-1/2

[Event "Florianopolis op 2nd"]
[Site "Florianopolis"]
[Date "2016.01.19"]
[Round "5"]
[White "Nery Junior, Jose Antonio"]
[Black "Melo, Maicon Joao"]
[Result "1-0"]
[WhiteElo "2153"]
[BlackElo "1950"]
[PlyCount "49"]
[EventDate "2016.01.16"]
[EventType "swiss"]
[EventRounds "10"]
[EventCountry "BRA"]
[SourceTitle "CBM 170 Extra"]
[Source "ChessBase"]
[SourceDate "2016.02.25"]
[SourceVersion "1"]
[SourceVersionDate "2016.02.25"]
[SourceQuality "1"]

1. e4 c5 2. Nf3 Nc6 3. d4 cxd4 4. Nxd4 Nf6 5. Nc3 e5 6. Nxc6 bxc6 7. Bc4 Be7 8. Bg5 0-0 9. 0-0 d6 10. Qd3 h6 11. Bh4 Qc7 12. Rad1 Rd8 13. Rd2 Bb7 14. Qf3 Rd7 15. Rfd1 Rad8 16. Qf5 Qa5 17. Rd3 Ba6 18. Rg3 Bxc4 19. Bxf6 Bxf6 20. Qxf6 g6 21. Rh3 Kh7 22. g4 Be6 23. Rh4 Rg8 24. Rd3 Qd8 25. Rxh6+ 1-0

[Event "Blumenau Taca Santa Catarina op"]
[Site "Blumenau"]
[Date "2015.11.08"]
[Round "6.8"]
[White "Dos Reis, Nicolas Rodrigues"]
[Black "Melo, Maicon Joao"]
[Result "1-0"]
[WhiteElo "1892"]
[BlackElo "1942"]
[PlyCount "59"]
[EventDate "2015.11.06"]
[EventType "swiss"]
[EventRounds "6"]
[EventCountry "BRA"]
[SourceTitle "EXT 2022"]
[Source "ChessBase"]
[SourceDate "2021.10.06"]
[SourceVersion "1"]
[SourceVersionDate "2021.10.06"]
[SourceQuality "1"]

1. d4 d5 2. Nf3 e6 3. c4 Nf6 4. g3 Be7 5. Bg2 0-0 6. 0-0 Nbd7 7. Nc3 c6 8. Nd2 Re8 9. b3 b6 10. e4 dxe4 11. Ncxe4 Bb7 12. Qe2 Nxe4 13. Nxe4 Nf6 14. Bb2 Nxe4 15. Bxe4 Bf6 16. Rfd1 Qd7 17. Rac1 Rad8 18. c5 Qc7 19. f4 Re7 20. Rd2 Red7 21. Rcd1 bxc5 22. Qh5 g6 23. Qxc5 Be7 24. Qc2 Qb6 25. h4 c5 26. Kh2 cxd4 27. Bxb7 Qxb7 28. Rxd4 f6 29. Qe2 Qc7 30. R1d3 1-0

[Event "Blumenau Taca Santa Catarina op"]
[Site "Blumenau"]
[Date "2015.11.07"]
[Round "3.4"]
[White "Melo, Maicon Joao"]
[Black "Pires, Marcos Vinicius Tor"]
[Result "0-1"]
[WhiteElo "1942"]
[BlackElo "2260"]
[PlyCount "86"]
[EventDate "2015.11.06"]
[EventType "swiss"]
[EventRounds "6"]
[EventCountry "BRA"]
[SourceTitle "EXT 2022"]
[Source "ChessBase"]
[SourceDate "2021.10.06"]
[SourceVersion "1"]
[SourceVersionDate "2021.10.06"]
[SourceQuality "1"]

1. d4 d5 2. c4 c6 3. Nf3 Nf6 4. g3 Bf5 5. Bg2 e6 6. 0-0 Be7 7. Nc3 0-0 8. cxd5 exd5 9. Re1 h6 10. Qb3 Qb6 11. Qxb6 axb6 12. Ne5 Na6 13. Nd3 Bxd3 14. exd3 Bd6 15. Be3 Nb4 16. Re2 Nxd3 17. a3 Nb4 18. Rae1 Na6 19. h3 b5 20. g4 b4 21. axb4 Nxb4 22. g5 hxg5 23. Bxg5 Nd7 24. Be7 Bxe7 25. Rxe7 Rfd8 26. R1e2 Nd3 27. Nxd5 cxd5 28. Bxd5 N7e5 29. R2xe5 Nxe5 30. Rxe5 Rd7 31. b3 Ra1+ 32. Kg2 Rd1 33. Re8+ Kh7 34. Be4+ g6 35. d5 Kg7 36. Rc8 Rd4 37. Rc4 Rxc4 38. bxc4 b6 39. Kf3 Kf6 40. Ke3 Ke7 41. Kd4 Kd6 42. f4 f5 43. Bd3 Re7 0-1

[Event "Blumenau Taca Santa Catarina op"]
[Site "Blumenau"]
[Date "2015.11.06"]
[Round "2.12"]
[White "Da Silva Junior, Marco Aurelio"]
[Black "Melo, Maicon Joao"]
[Result "0-1"]
[WhiteElo "1766"]
[BlackElo "1942"]
[PlyCount "66"]
[EventDate "2015.11.06"]
[EventType "swiss"]
[EventRounds "6"]
[EventCountry "BRA"]
[SourceTitle "EXT 2022"]
[Source "ChessBase"]
[SourceDate "2021.10.06"]
[SourceVersion "1"]
[SourceVersionDate "2021.10.06"]
[SourceQuality "1"]

1. Nf3 Nf6 2. g3 d5 3. Bg2 c5 4. 0-0 Nc6 5. d4 e6 6. b3 Be7 7. Bb2 0-0 8. Nbd2 b6 9. Re1 Bb7 10. c4 Re8 11. a3 Qc7 12. Qc2 dxc4 13. Nxc4 cxd4 14. Nce5 Bd6 15. Nxc6 Qxc6 16. Qxc6 Bxc6 17. Nxd4 Bxg2 18. Kxg2 Rac8 19. Rac1 Be5 20. Nc6 Bxb2 21. Ne7+ Rxe7 22. Rxc8+ Ne8 23. a4 f6 24. Rd1 Kf7 25. Rcd8 Ba3 26. R1d7 a5 27. Rd3 Bc5 28. f4 Nc7 29. e4 e5 30. Rf3 Ne6 31. Rdd3 Nd4 32. Rf1 exf4 33. gxf4 Rxe4 0-1